书目信息 |
| 题名: |
数学史话
|
|
| 作者: | 袁小明 编著 | |
| 分册: | ||
| 出版信息: | 济南 山东教育出版社 1985 |
|
| 页数: | 382页 | |
| 开本: | 19cm | |
| 丛书名: | ||
| 单 册: | ||
| 中图分类: | O11 , G633.6 | |
| 科图分类: | ||
| 主题词: | 数学史 , 教育--各级 | |
| 电子资源: | ||
| ISBN: | ||
| 000 | 00658nam0 2200265 45 | |
| 001 | 0185010490 | |
| 005 | 20040427150629.6 | |
| 010 | @dCNY1.95 | |
| 091 | @a7275.342 | |
| 100 | @a19900904d1985 em y0chiy0121 ea | |
| 101 | 0 | @achi |
| 102 | @aCN@b370000 | |
| 105 | @ay z 000yd | |
| 106 | @ar | |
| 200 | 10 | @a数学史话@Ashu xue shi hua@f袁小明编著 |
| 210 | @a济南@c山东教育出版社@d1985 | |
| 215 | @a382页@d19cm | |
| 606 | @a数学史 | |
| 606 | 0 | @a教育@x各级 |
| 690 | @aO11@v3 | |
| 690 | @aG633.6 | |
| 701 | 0 | @a袁小明@Ayuan xiao ming@4编著 |
| 801 | 0 | @aCN@b深圳图书馆@c20040427 |
| 801 | 2 | @aCN@bNLC@c20040427 |
| 905 | @f2@b139400-401@dG633.6@e93 | |
| 数学史话/袁小明编著.-济南:山东教育出版社,1985 |
| 382页;19cm |
| ISBN :CNY1.95 |
| ● |
| 相关链接 |
|
|
|
|
正题名:数学史话
索取号:G633.6/93
 
预约/预借
| 序号 | 登录号 | 条形码 | 馆藏地/架位号 | 状态 | 备注 |
| 1 | 0139400 | 000243631 | 密集书库/ [索取号:G633.6/93] | 在馆 | |
| 2 | 0139401 | 000243622 | 密集书库/ [索取号:G633.6/93] | 在馆 | |
| 3 | 0139402 | 202437933 | 第一样本阅览室/ [索取号:G633.6/93] | 在馆 |